Monster High 3 : querer es poder /

Melody quiere poner fin a los recorridos turísticos por las casas de los monstruos organizados por Bekka, aunque está muy ocupada intentando que sus padres se sinceren con ella y tratando de impedir que la señora J envíe a Jackson a la clandestinidad. Mientras camina peligrosamente sobre la línea qu...

Descripción completa

Guardado en:
Autor Principal: Harrison, Lisi.
Otros Autores: Núñez Salazar, Mercedes; trad.
Formato: Libro
Idioma:Undetermined
Publicado: Buenos Aires : Alfaguara, 2012.
Materias:
Etiquetas: Agregar Etiqueta
Sin Etiquetas, Sea el primero en etiquetar este registro!
LEADER 01137nam a22002055a 4500
001 CEM.cems020050
008 230502s2012####ag############000#0#und#d
005 20230509100356.0
245 1 0 |a Monster High 3 :  |b querer es poder /  |c Lisi Harrison; traducido por Mercedes Núñez Salazar. 
260 |a Buenos Aires :  |b Alfaguara,  |c 2012. 
300 |a 312 p. ;  |c 15 cm. 
520 |a Melody quiere poner fin a los recorridos turísticos por las casas de los monstruos organizados por Bekka, aunque está muy ocupada intentando que sus padres se sinceren con ella y tratando de impedir que la señora J envíe a Jackson a la clandestinidad. Mientras camina peligrosamente sobre la línea que separa a los normis de los RAD, comienza a darse cuenta de que los demás la escuchan cuando habla ... ¡incluso Candance! Ha encontrado una nueva voz ¡ La conservará para siempre? 
020 |a 9789870422617 
100 1 |a Harrison, Lisi. 
700 1 |a Núñez Salazar, Mercedes; trad. 
653 |a Literatura 
653 |a Literatura Canadiense 
653 |a Novela 
653 |a Novela Juvenil 
859 |a CEMS  |b BIB. CEMS - Agricultura  |h 819.3  |i H237  |p A3396.21  |t Ej.1